000 00525 a2200169 4500
999 _c4718
_d4718
010 _aENG-86513
020 _c120.00
_a8178121700
035 _aEN-70046
037 _bDBAD / PUB
082 1 4 _a485
100 _aGupta, Anjani A.
245 1 _aR. Gupta's english grammar /
_cby Anjani A. Gupta
260 _aNew Delhi
_bRamesh Publishing House
_c[200?]
270 _a12-H, New Daryaganj Road, Opp. Traffic Kotwali
_bNew Delhi
_e110 002
300 _aiv, 544p.
_c21cm (pbk)
942 _adpl
_cEN
_2ddc
_h485
_mGUP